| 000 | 00385cam a22001217a 4500 | ||
|---|---|---|---|
| 008 | 180718b1985 xxu||||| |||| 00| 0 eng d | ||
| 082 | _aB136x5421 G237 | ||
| 100 | _aGaur, Archana | ||
| 245 |
_aIntegrated rural area development: a case study of Tahsil _cby Archana Gaur |
||
| 260 |
_aDelhi _bB.K. Publisher _c1985 |
||
| 300 | _a251p. | ||
| 650 | _aRural development - India - Uttar Pradesh | ||
| 999 |
_c345017 _d345017 |
||